Quiz Bretagne - Statistiques

Statistiques générales
  • Ce quiz a été pris 366 fois
  • Le résultat moyen est 7 sur 12
Statistiques - réponses
Indice Réponse % Correct
Plat traditionnel Galette|Crêpe
81%
Préfecture Rennes
81%
Célèbre duchesse Anne de Bretagne|Anne
79%
Bretagne en breton Breizh
75%
Symbole Hermine
62%
Forêt légendaire Brocéliande
58%
Fête traditionnelle Fest Noz
53%
Spécialité très beurré Kouign amann
48%
Départ de la Route du Rhum Saint Malo
44%
Site mégalithique Carnac
42%
Drapeau breton Gwenn ha Du
42%
Premier duc Alain Barbetorte|Alain
3%
Aucun quiz correspondant
Distribution des résultats
% des personnes avec chaque résultat
Percentile par nombre de réponses
Votre historique - résultats
Vous n’avez pas pris ce quiz